[Event "Coventry 4NCL op-B 16th"]
[Site "Coventry"]
[Date "2017.11.04"]
[Round "3"]
[White "David, Ivan"]
[Black "Holroyd, Nigel P"]
[Result "0-1"]
[WhiteElo "1848"]
[BlackElo "1997"]
[PlyCount "87"]
[EventDate "2017.11.03"]
[EventType "swiss"]
[EventRounds "5"]
[EventCountry "ENG"]
[SourceTitle "CBM 181 Extra"]
[Source "ChessBase"]
[SourceDate "2017.12.12"]
[SourceVersion "1"]
[SourceVersionDate "2017.12.12"]
[SourceQuality "1"]

1. d4 d5 2. c4 c6 3. cxd5 cxd5 4. Nc3 e6 5. Bf4 a6 6. e3 Bd6 7. Bxd6 Qxd6 8. f4 Nf6 9. Bd3 b5 10. Nf3 0-0 11. Ne5 Bb7 12. 0-0 Nbd7 13. Rc1 Rfc8 14. Bb1 Rc7 15. Rf2 Rac8 16. Rfc2 Ne4 17. Nxe4 dxe4 18. Rxc7 Rxc7 19. Rxc7 Qxc7 20. Nxd7 Qxd7 21. Qc2 Qc6 22. Qc5 Qxc5 23. dxc5 b4 24. Bc2 Bc6 25. g4 Kf8 26. h4 Ke7 27. g5 Kd7 28. Kf2 f5 29. Ke1 Kc7 30. a3 a5 31. Kd2 Kb7 32. a4 Bd5 33. b3 Kc6 34. Bd1 Kxc5 35. Bc2 Bb7 36. Bd1 Ba6 37. Bh5 Kd6 38. Bd1 Kd5 39. Bh5 Bd3 40. Bf7 Ba6 41. Bg8 h6 42. Bf7 Kd6 43. Bg6 Bb7 44. Ke1 0-1

[Event "Harrogate 4NCL op-B 12th"]
[Site "Harrogate"]
[Date "2017.01.08"]
[Round "5"]
[White "Holroyd, Nigel P"]
[Black "Nezis, Anastasios"]
[Result "1-0"]
[WhiteElo "1975"]
[BlackElo "1904"]
[PlyCount "99"]
[EventDate "2017.01.06"]
[EventType "swiss"]
[EventRounds "5"]
[EventCountry "ENG"]
[SourceTitle "CBM 176 Extra"]
[Source "ChessBase"]
[SourceDate "2017.03.02"]
[SourceVersion "1"]
[SourceVersionDate "2017.03.02"]
[SourceQuality "1"]

1. d4 d6 2. Nf3 Bg4 3. Nbd2 Nf6 4. h3 Bh5 5. c4 c6 6. e3 e6 7. Be2 Be7 8. 0-0 0-0 9. b3 d5 10. Ne5 Bxe2 11. Qxe2 Nbd7 12. Bb2 Nxe5 13. dxe5 Nd7 14. cxd5 cxd5 15. e4 Nb6 16. Rfd1 Qe8 17. Rac1 Rc8 18. Bd4 dxe4 19. Nxe4 Nd5 20. Qg4 Rxc1 21. Rxc1 Kh8 22. Nc3 Ba3 23. Rc2 Ne7 24. Nb1 Bb4 25. a3 Ba5 26. Qe4 Nc6 27. Bc5 Rg8 28. Bd6 Bb6 29. b4 Nd4 30. Rc1 Nf5 31. Qxb7 Qa8 32. Qxa8 Rxa8 33. Nd2 f6 34. Ne4 fxe5 35. Bxe5 h6 36. Nd6 Kg8 37. Rc8+ Rxc8 38. Nxc8 Kf7 39. Nxb6 axb6 40. a4 Ke7 41. Bc7 b5 42. axb5 Kd7 43. b6 Kc6 44. g4 Ne7 45. Kg2 Nd5 46. Kf3 Nxb4 47. Ke4 Kd7 48. Be5 g6 49. b7 Na6 50. b8Q 1-0